[Event "Wellington Club Championship - A Grade"]
[Site "Wellington Chess Club"]
[Date "2023.10.12"]
[Round "3.4"]
[White "Young, Cohen"]
[Black "Dive, Russell"]
[Result "0-1"]
[WhiteElo "2099"]
[BlackElo "2327"]

1. e4 c6 2. Nc3 d5 3. Nf3 Bg4 4. h3 Bh5 5. g4 Bg6 6. exd5 cxd5 7. Bb5+ Nc6 8.
Ne5 Qd6 9. d4 a6 10. Bxc6+ bxc6 11. Bf4 h5 12. g5 Qe6 13. Qe2 Qf5 14. Qe3 e6
15. Nxc6 Ne7 16. Nxe7 Bxe7 17. Rc1 Rc8 18. O-O h4 19. Kh2 Rh5 20. Rg1 Bb4 21.
Ne2 Be7 22. c3 a5 23. b4 Rc4 24. a3 Kd7 25. Qe5 Qxe5 26. dxe5 Bd3 27. Nd4 axb4
28. Rgd1 Be4 29. f3 Bxf3 30. Rf1 Be4 31. axb4 Ke8 32. Nb5 Bd3 33. Rf3 Rxf4 34.
Rxf4 Bxb5 35. Rg1 Rxg5 36. Rxh4 Rxe5 37. Rh8+ Kd7 38. Rxg7 Rf5 39. Rhh7 Bd6+
0-1

[Event "Wellington Club Championship - A Grade"]
[Site "Wellington Chess Club"]
[Date "2023.10.12"]
[Round "3.5"]
[White "Croad, Nicolas"]
[Black "Ker, Anthony"]
[Result "1-0"]
[WhiteElo "2423"]
[BlackElo "2399"]

1. e4 c5 2. Nf3 g6 3. d4 cxd4 4. Qxd4 Nf6 5. Nc3 Nc6 6. Qa4 d6 7. e5 Ng4 8. Bf4
Bg7 9. exd6 O-O 10. h3 Qb6 11. Nd1 Nf6 12. Bb5 exd6 13. O-O d5 14. Be3 Qc7 15.
Nc3 Be6 16. Rad1 a6 17. Bxc6 bxc6 18. Bc5 Rfe8 19. Qh4 Nd7 20. Bd4 Rab8 21.
Bxg7 Kxg7 22. Rfe1 Nf6 23. b3 Qa5 24. Na4 Bf5 25. Rxe8 Rxe8 26. Qd4 Re4 27. Qd2
Qxd2 28. Rxd2 Nd7 29. Kf1 Be6 30. c4 Rf4 31. Nd4 Nb8 32. Nc5 Kf6 33. cxd5 cxd5
34. Ke2 Ke7 35. Ke3 g5 36. Rc2 Kd6 37. f3 Bf5 38. Rc1 Bg6 39. b4 h5 40. a4 h4
41. Nd3 Bxd3 42. Kxd3 Ke5 43. Re1+ Kd6 44. Re8 Nc6 45. Nxc6 Kxc6 46. Kc3 a5 47.
Rb8 Rc4+ 48. Kb3 axb4 49. Rc8+ Kb6 50. Rxc4 dxc4+ 51. Kxb4 1-0

[Event "Wellington Club Championship - A Grade"]
[Site "Wellington Chess Club"]
[Date "2023.10.19"]
[Round "4.1"]
[White "Ker, Anthony"]
[Black "Winsley, Nicholas"]
[Result "1-0"]
[WhiteElo "2399"]
[BlackElo "2061"]

1. e4 c5 2. Nc3 d6 3. d4 cxd4 4. Qxd4 e5 5. Qd2 Be6 6. b3 Nf6 7. Bb2 Nc6 8.
O-O-O Qa5 9. g3 Rc8 10. Kb1 Nd4 11. Bg2 b5 12. Nd5 Qxd2 13. Nxf6+ gxf6 14. Rxd2
Nc6 15. f4 Bh6 16. Rxd6 Ke7 17. fxe5 fxe5 18. Rd1 Nb4 19. Ba3 a5 20. Nf3 Rc5
21. Ne1 Rhc8 22. Rf1 Be3 23. Bf3 Bh3 24. Rh1 Ke8 25. g4 R5c6 26. Be2 Rb6 27.
Bxb4 axb4 28. Rd5 Bd4 29. Rxb5 Rbc6 30. Bd1 Bc3 31. Rg1 Ra8 32. a4 Rca6 33. Nd3
Rf6 34. Nxb4 Bd4 35. Nd5 Rc6 36. Rg3 1-0

[Event "Wellington Club Championship - A Grade"]
[Site "Wellington Chess Club"]
[Date "2023.10.19"]
[Round "4.2"]
[White "Dive, Russell"]
[Black "Croad, Nicolas"]
[Result "1-0"]
[WhiteElo "2327"]
[BlackElo "2423"]

1. c4 e6 2. g3 d5 3. Bg2 Nf6 4. Nf3 Be7 5. b3 d4 6. d3 O-O 7. O-O c5 8. e3 Nc6
9. exd4 cxd4 10. Na3 e5 11. Nc2 Bf5 12. Re1 Nd7 13. Rb1 a5 14. a3 Nc5 15. Nxe5
Nxe5 16. Rxe5 Bxd3 17. Rd5 Qb6 18. Rb2 Bxc2 19. Qxc2 d3 20. Qd1 Bf6 21. Rb1
Rfe8 22. Be3 Rxe3 23. fxe3 Re8 24. b4 axb4 25. axb4 Ne4 26. c5 Qc7 27. Bxe4
Rxe4 28. Qxd3 Rg4 29. e4 h5 30. Rxh5 Be5 31. Rd1 g6 32. Qd8+ Kg7 33. Qh8# 1-0

[Event "Wellington Club Championship - A Grade"]
[Site "Wellington Chess Club"]
[Date "2023.10.19"]
[Round "4.5"]
[White "van der Hoorn, Thomas"]
[Black "Timergazi, Layla"]
[Result "0-1"]
[WhiteElo "2138"]
[BlackElo "2137"]

1. e4 c6 2. d4 d5 3. Nc3 dxe4 4. Nxe4 Bf5 5. Ng3 Bg6 6. h4 h6 7. Nf3 Nd7 8. h5
Bh7 9. Bd3 Bxd3 10. Qxd3 e6 11. Bd2 Ngf6 12. O-O-O Qc7 13. Ne4 Be7 14. Kb1
O-O-O 15. g3 e5 16. dxe5 Nxe5 17. Qe2 Neg4 18. Bf4 Qb6 19. Ne5 Nxe5 20. Bxe5
Qb5 21. Qxb5 cxb5 22. Nxf6 Bxf6 23. Bxf6 gxf6 24. Kc1 Rhe8 25. Rhe1 Rxe1 26.
Rxe1 Rd5 27. Re7 Rd7 28. Re8+ Rd8 29. Rxd8+ Kxd8 30. Kd2 f5 31. Ke3 Ke7 32. Kf4
Ke6 33. c3 Kf6 34. f3 Ke6 35. b3 b6 36. g4 fxg4 37. fxg4 Kf6 38. b4 a6 39. a3
a5 40. g5+ hxg5+ 41. Kg4 a4 42. h6 Kg6 43. h7 f5+ 0-1

[Event "Wellington Club Championship - A Grade"]
[Site "Wellington Chess Club"]
[Date "2023.10.26"]
[Round "5.1"]
[White "Dive, Russell"]
[Black "Winsley, Nicholas"]
[Result "1-0"]
[WhiteElo "2327"]
[BlackElo "2061"]

1. Nf3 Nf6 2. c4 c5 3. g3 g6 4. Bg2 Nc6 5. O-O Bg7 6. Nc3 d6 7. Rb1 O-O 8. a3
e5 9. b4 Rb8 10. Ne1 cxb4 11. axb4 Be6 12. b5 Ne7 13. Qa4 Qb6 14. Qb4 Nd7 15.
d3 Qc7 16. Ba3 Nf5 17. e4 a5 18. b6 1-0

[Event "Wellington Club Championship - A Grade"]
[Site "Wellington Chess Club"]
[Date "2023.10.26"]
[Round "5.2"]
[White "Winter, Ryan"]
[Black "Ker, Anthony"]
[Result "1/2-1/2"]
[WhiteElo "2256"]
[BlackElo "2399"]

1. e4 c5 2. Nf3 g6 3. d4 cxd4 4. Nxd4 Nc6 5. c4 Nf6 6. Nc3 d6 7. Be2 Nxd4 8.
Qxd4 Bg7 9. Bg5 O-O 10. Qe3 Be6 11. O-O Qb6 12. Qd2 Rfc8 13. b3 a6 14. Rac1 Qa5
15. Bf3 Rab8 16. Nd5 Qxd2 17. Bxd2 Nxd5 18. cxd5 Bd7 19. Be3 Bb5 20. Rfd1 Bb2
21. Rb1 Ba3 22. Bc1 Bb4 23. Bd2 a5 24. a3 Bxd2 25. Rxd2 Rc3 26. h4 Rbc8 27. a4
Bd3 28. Rbb2 Kg7 29. b4 b6 30. bxa5 bxa5 31. Rb7 Kf6 32. Ra7 R8c5 33. g4 Bc2
34. g5+ Kg7 35. Kg2 Rc7 36. Rxa5 R3c4 37. Re2 Bxa4 38. Ra8 Rc8 39. Rxc8 Rxc8
40. Re3 h6 41. Be2 hxg5 42. hxg5 Bc2 43. Bd3 f6 44. gxf6+ Kxf6 45. Bxc2 Rxc2
46. Kg3 Ke5 47. f3 g5 48. Ra3 e6 49. dxe6 Kxe6 50. Ra5 Rc5 51. Ra8 Kf6 1/2-1/2

[Event "Wellington Club Championship - A Grade"]
[Site "Wellington Chess Club"]
[Date "2023.10.26"]
[Round "5.3"]
[White "Archer, Ollie"]
[Black "Croad, Nicolas"]
[Result "0-1"]
[WhiteElo "2158"]
[BlackElo "2423"]

1. d4 Nf6 2. c4 e6 3. Nf3 d5 4. Nc3 Bb4 5. Qa4+ Nc6 6. e3 O-O 7. Bd2 a6 8. Qc2
Re8 9. Rd1 Bd6 10. Be2 dxc4 11. Bxc4 e5 12. Ng5 Rf8 13. Nd5 g6 14. Nxf6+ Qxf6
15. Ne4 Qh4 16. g3 Qe7 17. Nxd6 cxd6 18. d5 Bf5 19. Qb3 Nb8 20. O-O Nd7 21. Bb4
b5 22. Bd3 Bh3 23. Qa3 Nc5 24. Bxc5 dxc5 25. Rfe1 e4 26. Bf1 Bg4 27. Rc1 Rfc8
28. Bg2 Bf5 29. Red1 Qd6 30. Qb3 Rc7 31. a4 c4 32. Qc2 Re8 33. Rd4 Re5 34. Rcd1
Rc5 35. axb5 axb5 36. Qd2 Bg4 37. Ra1 Rcxd5 38. Rxd5 Rxd5 39. Ra8+ Kg7 40. Qc3+
Kh6 41. h3 Rd1+ 42. Kh2 Bf3 43. Rg8 f6 44. Qa5 Bxg2 45. Qa7 Bf3 0-1

[Event "Wellington Club Championship - A Grade"]
[Site "Wellington Chess Club"]
[Date "2023.10.26"]
[Round "5.5"]
[White "Timergazi, Layla"]
[Black "Langford, Josh"]
[Result "1/2-1/2"]
[WhiteElo "2137"]
[BlackElo "2137"]

1. d4 d5 2. c4 e6 3. g3 Nf6 4. Bg2 Bd6 5. Nf3 O-O 6. O-O Nc6 7. Nc3 dxc4 8. e4
e5 9. dxe5 Nxe5 10. Nxe5 Bxe5 11. Qa4 c6 12. Rd1 Qb6 13. Qc2 Bg4 14. Re1 Rad8
15. Be3 Bd4 16. e5 Bxe3 17. exf6 Rd2 18. Qe4 Bxf2+ 19. Kh1 Qd4 20. Rf1 Be6 21.
Qf3 Bd5 22. Nxd5 cxd5 23. fxg7 Re8 24. Rad1 Ree2 25. Qxe2 Rxe2 26. Rxd4 Bxd4
27. Bxd5 1/2-1/2

[Event "Wellington Club Championship - A Grade"]
[Site "Wellington Chess Club"]
[Date "2023.11.02"]
[Round "6.2"]
[White "Young, Cohen"]
[Black "Timergazi, Layla"]
[Result "1-0"]
[WhiteElo "2099"]
[BlackElo "2137"]
[Annotator "C. Young)"]
[PlyCount "115"]
[EventDate "2023.??.??"]

1. e4 c6 2. Nc3 d5 3. Nf3 dxe4 4. Nxe4 Nf6 5. Qe2 Nxe4 6. Qxe4 Nd7 7. Bc4 Nf6
8. Ne5 e6 9. Qe2 b5 10. Bd3 {Bd3 is a nice line} 10... Bb7 {Already unfamiliar
with this position- was expecting Qc7} 11. a4 b4 12. b3 Bc5 {Bc5 actually
justifies blacks setup and having the queen on d8 rather than c7 because Layla
is going to play Bd4 next so this move is kinda annoying} 13. Bb2 Bd4 14. O-O-O
O-O (14... Bxb2+ 15. Kxb2 O-O) 15. Rhf1 {Surprisingly one of the top engine
choices; I decided on this move because it seemed like my kingside pawns are
more mobile with the rook on f1, and I wanted to defend my f4 pawn} 15... c5
16. f4 Bxb2+ 17. Kxb2 Qd4+ 18. Kb1 Be4 {Be4 is a really annoying move and at
this point I thought I had lost all of the slight advantage that I had before.}
19. Nf3 $2 {Mistake. Bb5 was best. It's very obvious to me that this is a bad
move now and even a couple of moves after I played Nf3 I believed it was bad so
i'm not sure what drove me to play it.}  (19. Bb5 Rad8 20. g4 g6 21. Bc4 h5 22.
h3 Kg7 23. d3 Ba8 24. Qh2 Rh8 25. Qg3 Rd6) 19... Bxd3 20. Nxd4 Bxe2 21. Nxe2
Rfd8 22. Rf3 Rac8 23. d4 $6 {Inaccuracy. d3 was best.}  (23. d3 h5) 23... c4
{Now I'm worse} 24. c3 {aiming to liquidate to a draw} 24... Nd5 $6
{Inaccuracy. cxb3 was best. I was quite happy to see this move}  (24... cxb3)
25. cxb4 Nxb4 26. Rc1 cxb3 27. Rxb3 Rxc1+ 28. Kxc1 Rc8+ 29. Kd2 {I saw that
Layla basically has to play Rc2+ followed by Rc4, which to her credit she does}
29... Rc2+ 30. Kd1 Rc4 31. Kd2 {I played Kd2 with 100% certainty in my mind
that Rc2+ was Layla's best move, just going for a forced repetition.} 31... Kf8
{I was very happy to see this move, now this endgame is very grindable} 32. Rc3
Rxc3 33. Kxc3 Nd5+ 34. Kc4 Ke7 35. Kb5 Kd6 36. Ka6 Kc6 $6 {Inaccuracy. Nb6 was
best.}  (36... Nb6 37. a5 Nc4 38. Nc1 Kd5 39. Nb3 h5 40. g3 Ke4 41. Kxa7 Nxa5
42. Nxa5 Kxd4 43. Kb6) 37. Kxa7 Ne3 $6 {Inaccuracy. Nb6 was best.}  (37... Nb6
38. Kb8 Nxa4 39. Kc8 Kd5 40. Kd8 Ke4 41. Ke7 Ke3 42. Nc1 Kf2 43. Kxf7 Kxg2 44.
Kxg7) 38. g3 Nc2 $4 {Blunder. Kc7 was best.}  (38... Kc7 39. Nc3 f6 40. Nb5+
Kc6 41. Kb8 Nc4 42. Nc3 g5 43. fxg5 fxg5 44. g4 Ne3 45. h3) 39. Kb8 {It seemed
like the appropriate time to play Kb8 to start my venture towards black's
kingside pawns} 39... f6 40. a5 {tying down at least one of the king and the
knight to the queenside} 40... Nb4 41. Nc3 {importantly covering b5 and d5}  (
41. Kc8 h6 42. Kd8) 41... h6 {this seemed like a waste of time to me, I don't
think g5 needed to be prepared by h6 and otherwise I don't understand the
purpose} 42. Kc8 g5 43. Kd8 gxf4 44. gxf4 Kd6 45. Ne4+ Kd5 46. Nxf6+ Kxd4 47.
Ke7 e5 48. f5 Nc6+ 49. Ke6 Nxa5 50. Ng4 e4 51. f6 Nc6 52. Kd7 {Very important
move; preventing black's knight from going to d8 where it would monitor the f7
square and sacrifice itself for white's pawn where the endgame would not be
winning for white} 52... e3 {The only try} 53. Nxe3 Ne5+ 54. Ke6 h5 $6
{Inaccuracy. Ke4 was best. h5 prevents Ng4 I guess}  (54... Ke4 55. Nc4 Nc6 56.
Kd7 Nb4 57. f7 h5 58. Ke6 Nc6 59. Nd2+ Kf4) 55. Nc4 $3 {Obviously not the only
winning move and probably not the best move but when you see this you have to
play it}  (55. Nf5+ Ke4 56. Ng3+ Kd4 57. f7 h4 58. Nf5+ Ke4 59. Nxh4 Nd3 60.
Ng2 Nc5+ 61. Ke7 Nd3) 55... Ng6 56. Kf5 Nf8 57. Ne5 Kd5 58. Ng6 {Layla resigns.
Not great play in the opening and middlegame but I'm very happy with how well I
played in the knight endgame} 1-0

[Event "Wellington Club Championship - A Grade"]
[Site "Wellington Chess Club"]
[Date "2023.11.02"]
[Round "6.3"]
[White "Croad, Nicolas"]
[Black "van der Hoorn, Thomas"]
[Result "0-1"]
[WhiteElo "2423"]
[BlackElo "2138"]

1. e4 c6 2. d4 d5 3. Nd2 dxe4 4. Nxe4 Nf6 5. Nxf6+ exf6 6. c3 Bd6 7. Bd3 O-O 8.
Qc2 Re8+ 9. Ne2 h5 10. O-O h4 11. h3 Nd7 12. c4 Nf8 13. Rb1 Be6 14. Rd1 a5 15.
Bf4 Qc7 16. Bxd6 Qxd6 17. Nc3 Rac8 18. b3 Qb8 19. Be4 b5 20. c5 Red8 21. b4
axb4 22. Rxb4 Qa7 23. a4 bxa4 24. Rxa4 Qd7 25. Ra6 Bc4 26. Rb6 Ne6 27. Bh7+ Kh8
28. Bf5 Qc7 29. Qe4 g6 30. Qxh4+ Kg7 31. Bxe6 Bxe6 32. Ne4 Qe7 33. Nd6 Rc7 34.
Rdb1 Bd5 35. Qg3 Be6 36. Rb8 Rcd7 37. Rxd8 Qxd8 38. Rb6 Qa8 39. Kh2 Qa4 40. Qh4
Rd8 41. Qe4 Bd5 42. Qe3 Qc2 43. Rb7 Ra8 44. Re7 g5 45. Ne8+ Kg6 46. Nc7 Ra2 47.
Nxd5 cxd5 48. Re8 Qf5 49. f3 Qc2 50. Qg1 Rb2 51. Re1 Qd2 52. Rc1 Qf4+ 53. Kh1
Rb4 54. c6 Rc4 55. Rxc4 dxc4 56. Qb1+ Kg7 57. Qc2 Qxd4 58. g3 Qc5 59. h4 Qxc6
60. Qf5 c3 61. hxg5 c2 62. gxf6+ Kf8 63. Qe5 c1=Q+ 64. Kg2 Q1c2+ 0-1

[Event "Wellington Club Championship - A Grade"]
[Site "Wellington Chess Club"]
[Date "2023.11.02"]
[Round "6.4"]
[White "Ker, Anthony"]
[Black "Archer, Ollie"]
[Result "1-0"]
[WhiteElo "2399"]
[BlackElo "2158"]

1. e4 c6 2. Nf3 d5 3. exd5 cxd5 4. Ne5 a6 5. d4 Nc6 6. c3 Nxe5 7. dxe5 Bf5 8.
Nd2 e6 9. Nb3 Qc7 10. Bf4 f6 11. Qd4 Kf7 12. Be2 fxe5 13. Bxe5 Bd6 14. Bh5+ Kf8
15. f4 Bxe5 16. fxe5 Ne7 17. O-O Nc6 18. Qc5+ Kg8 19. Rxf5 exf5 20. Qxd5+ Kf8
21. Nc5 Nd8 22. Rd1 g6 23. Qc4 Rc8 24. Ne6+ Nxe6 25. Qxe6 Re8 26. Qf6+ Kg8 27.
Bf3 h5 28. Qxg6+ Kf8 29. Qf6+ Kg8 30. Bd5+ Kh7 31. Qxf5+ Kh6 32. Qf6+ Kh7 33.
Be4+ Kg8 34. Qg6+ 1-0

[Event "Wellington Club Championship - A Grade"]
[Site "Wellington Chess Club"]
[Date "2023.11.02"]
[Round "6.5"]
[White "Dive, Russell"]
[Black "Winter, Ryan"]
[Result "1/2-1/2"]
[WhiteElo "2327"]
[BlackElo "2256"]

1. Nf3 Nf6 2. c4 e6 3. g3 b6 4. Bg2 Bb7 5. O-O Be7 6. b3 O-O 7. Bb2 c5 8. e3 d5
9. d4 Nc6 10. Nbd2 Rc8 11. Qe2 cxd4 12. exd4 Qc7 13. Rac1 dxc4 14. bxc4 Qb8 15.
Nb3 Rfe8 16. Rfd1 Ba6 17. Ne5 Bb7 18. f4 Qa8 19. h3 Nb4 20. a3 Bxg2 21. Qxg2
Nc6 22. d5 exd5 23. cxd5 Nb8 24. Nc6 Nxc6 25. dxc6 h6 26. a4 Ne4 27. Kh2 Nc5
28. Nd4 Bf6 29. Nb5 Bxb2 30. Qxb2 Rxc6 31. Nd6 Rxd6 32. Rxd6 Qf3 33. Rd2 Nd3
34. Qc3 Re2+ 35. Rxe2 Qxe2+ 36. Kh1 Qe4+ 37. Kh2 Nxc1 38. Qxc1 Qe2+ 39. Kg1 g6
40. Qc8+ Kh7 41. Qd7 Qe1+ 42. Kg2 Qe4+ 43. Kf2 Qc2+ 44. Kg1 Qb3 45. Kg2 a6 46.
g4 Qe6 47. Qd4 b5 48. axb5 axb5 49. Kg3 Qe1+ 50. Kg2 b4 51. f5 gxf5 52. gxf5
Qc3 53. Qe4 Qg7+ 54. Kf3 b3 55. h4 h5 56. Kf2 Qg4 57. Qd5 Qxh4+ 58. Kg2 Qg4+
59. Kh2 Qe2+ 60. Kg3 Qe3+ 61. Kh4 Kg7 62. f6+ Kxf6 63. Qf3+ 1/2-1/2

[Event "Wellington Club Championship - A Grade"]
[Site "Wellington Chess Club"]
[Date "2023.11.09"]
[Round "7.1"]
[White "Winter, Ryan"]
[Black "Winsley, Nicholas"]
[Result "1-0"]
[WhiteElo "2256"]
[BlackElo "2061"]

1. e4 c5 2. Nf3 d6 3. d4 cxd4 4. Nxd4 Nf6 5. Nc3 a6 6. Be2 e5 7. Nf3 Be7 8. O-O
O-O 9. Re1 Qc7 10. Nd2 b5 11. a3 Bb7 12. Bf3 Nbd7 13. Nf1 h6 14. Ne3 Rfc8 15.
Bg4 Nxg4 16. Nxg4 Bf8 17. h3 Qc6 18. Ne3 Nf6 19. f3 a5 20. Re2 Qc5 21. Kh2 Qd4
22. Nxb5 Qxd1 23. Nxd1 Ba6 24. a4 Bxb5 25. axb5 d5 26. exd5 Nxd5 27. b3 Bd6 28.
Kh1 Nb4 29. c3 Nd3 30. Be3 f5 31. Rd2 e4 32. fxe4 fxe4 33. Rda2 Be5 34. b6 Rab8
35. Rxa5 Bxc3 36. Nxc3 Rxc3 37. Ra8 Rcc8 38. b7 Rf8 39. Rxb8 1-0

[Event "Wellington Club Championship - A Grade"]
[Site "Wellington Chess Club"]
[Date "2023.11.09"]
[Round "7.2"]
[White "Archer, Ollie"]
[Black "Dive, Russell"]
[Result "1-0"]
[WhiteElo "2158"]
[BlackElo "2327"]

1. d4 Nf6 2. c4 c5 3. d5 b5 4. Qc2 d6 5. e4 g6 6. cxb5 a6 7. Nc3 Bg7 8. a4 O-O
9. Nf3 Nbd7 10. Be2 axb5 11. Bxb5 Ba6 12. O-O Ne8 13. Nd2 Nc7 14. Bxa6 Rxa6 15.
b3 e6 16. Bb2 exd5 17. Nxd5 Bxb2 18. Qxb2 Nxd5 19. exd5 Qg5 20. Rad1 Rb8 21.
Rfe1 h5 22. Ne4 Qf4 23. Qc3 Rab6 24. Qg3 Qxg3 25. hxg3 Kg7 26. Nd2 Ne5 27. f4
Ng4 28. Re7 Rb4 29. Nc4 Rxb3 30. Nxd6 Rd3 31. Rxf7+ Kg8 32. Re1 Rxd5 33. Rb7
Rd8 34. Nc4 Rd4 35. Ne5 Re4 36. Rbb1 Rxe1+ 37. Rxe1 Nxe5 38. Rxe5 Rc8 39. Kf2
c4 40. Re2 Kf7 41. Ke3 Rd8 42. Rd2 Ra8 43. Ra2 Ke6 44. Kd4 Rc8 45. Rc2 Rd8+ 46.
Kxc4 Rc8+ 47. Kb3 Rb8+ 48. Ka3 Kf5 49. Rc5+ Ke4 50. Rc6 Rg8 51. a5 g5 52. Re6+
Kd4 53. f5 Rc8 54. f6 Kd5 55. Rb6 Kc5 56. f7 Ra8 57. Rf6 1-0

[Event "Wellington Club Championship - A Grade"]
[Site "Wellington Chess Club"]
[Date "2023.11.09"]
[Round "7.3"]
[White "van der Hoorn, Thomas"]
[Black "Ker, Anthony"]
[Result "1/2-1/2"]
[WhiteElo "2138"]
[BlackElo "2399"]

1. e4 c5 2. Nf3 g6 3. d4 cxd4 4. Nxd4 Nf6 5. Nc3 Nc6 6. Nxc6 bxc6 7. e5 Ng8 8.
Bc4 Bg7 9. Qf3 f5 10. Bf4 e6 11. O-O-O Qc7 12. Rd6 Ne7 13. h4 h5 14. Rhd1 Rb8
15. Qg3 O-O 16. Bb3 Kh7 17. Kb1 Rb6 18. Na4 Rb5 19. c4 Ra5 20. Qe3 c5 21. Qe2
Nc6 22. Bd2 Rxa4 23. Bxa4 Bxe5 24. Rxc6 dxc6 25. Bxc6 Bd4 26. Bf3 e5 27. Bd5
Bb7 28. Bxb7 Qxb7 29. Be3 Qe4+ 30. Qc2 Qxg2 31. Qa4 Qe4+ 32. Ka1 Rf7 33. Qe8
Rb7 34. Bxd4 cxd4 35. Rg1 f4 36. f3 Qc2 37. b3 Rg7 38. Qxe5 Qf2 39. Rxg6 Rxg6
40. Qxh5+ Kg7 41. Qe5+ Kf7 42. Qf5+ Rf6 43. Qd7+ Kf8 44. Qd8+ Kg7 45. Qe7+ Kg6
46. Qe8+ Rf7 47. Qe6+ Kg7 48. Qe5+ Kf8 49. Qh8+ Ke7 50. Qe5+ Kd8 51. Qd6+ Rd7
52. Qf8+ Kc7 53. Qc5+ Kb8 54. Qb5+ Kc8 55. Qc5+ Rc7 56. Qf5+ Kb8 57. Qb5+ Kc8
58. Qf5+ 1/2-1/2

[Event "Wellington Club Championship - A Grade"]
[Site "Wellington Chess Club"]
[Date "2023.11.09"]
[Round "7.4"]
[White "Timergazi, Layla"]
[Black "Croad, Nicolas"]
[Result "1/2-1/2"]
[WhiteElo "2137"]
[BlackElo "2423"]
[PlyCount "86"]
[EventDate "2023.09.26"]

1. d4 Nf6 2. c4 e6
3. Nc3 Bb4 4. g3 c5 5. Nf3 Nc6 6. Bg2 O-O 7. O-O d6 8. Bg5 h6 9. Bxf6 Qxf6 10.
Ne4 Qe7 11. dxc5 dxc5 12. a3 Rd8 13. Qb3 Ba5 14. Rad1 Bd7 15. Rd3 Be8 16. Rfd1
Rxd3 17. Rxd3 Rd8 18. Rxd8 Bxd8 19. Qd3 Bc7 20. e3 b6 21. Kf1 Na5 22. g4 f6 23.
Nc3 Qd7 24. Qe4 Qc6 25. Qc2 Qd6 26. h4 a6 27. b3 Bc6 28. g5 hxg5 29. hxg5 f5
30. g6 Be8 31. e4 Bxg6 32. Nh4 Bf7 33. exf5 Bd8 34. fxe6 Bxe6 35. Qg6 Qd7 36.
Be4 Bxh4 37. Qh7+ Kf8 38. Qxh4 Nxb3 39. Qh8+ Kf7 40. Qh5+ Ke7 41. Qh4+ Ke8 42.
Qh8+ Ke7 43. Qh4+ Kf8 1/2-1/2

[Event "Wellington Club Championship - A Grade"]
[Site "Wellington Chess Club"]
[Date "2023.11.16"]
[Round "8.1"]
[White "Winsley, Nicholas"]
[Black "Young, Cohen"]
[Result "1-0"]
[WhiteElo "2061"]
[BlackElo "2099"]
[PlyCount "60"]

1. e4 c5 2. Nf3 d6 3. d4 cxd4 4. Nxd4
Nf6 5. Nc3 a6 6. Bg5 e6 7. f4 Be7 8. Qf3 Qc7 9. O-O-O Nbd7 10. g4 b5 11. Bxf6
Nxf6 12. g5 Nd7 13. a3 Bb7 14. Bh3 O-O 15. Rhg1 Nc5 16. f5 e5 17. Nde2 f6 18.
g6 h6 19. Nd5 Bxd5 20. Rxd5 a5 21. Kb1 Rfc8 22. Rc1 b4 23. a4 Rab8 24. b3 Qc6
25. Bf1 Rc7 26. Ng3 Ra7 27. Bb5 Rxb5 28. axb5 Qxb5 29. Qf1 Qb6 30. Qc4 Kf8 {R}
1-0

[Event "Wellington Club Championship - A Grade"]
[Site "Wellington Chess Club"]
[Date "2023.11.16"]
[Round "8.2"]
[White "Croad, Nicolas"]
[Black "Langford, Josh"]
[Result "1-0"]
[WhiteElo "2423"]
[BlackElo "2137"]

1. d4 d5 2. c4 e6 3. g3 a6 4. Bg2 dxc4 5. Nf3 Nc6 6. O-O Rb8 7. a4 Nf6 8. a5
Be7 9. Qc2 Nxd4 10. Nxd4 Qxd4 11. Rd1 Qg4 12. Ra4 Qg6 13. Qxc4 Qxb1 14. Qxc7
Ra8 15. Rad4 Nd5 16. Bxd5 exd5 17. Bg5 Qxd1+ 18. Rxd1 Bxg5 19. Qe5+ Be7 20.
Qxg7 Rf8 21. Qxh7 Be6 22. Rc1 Kd7 23. Qc2 Bd6 24. Qb3 Rab8 25. e4 dxe4 26. Qa4+
Ke7 27. Qxe4 Rfd8 28. Qh4+ Kf8 29. Re1 Rbc8 30. Qf6 Ke8 31. h4 Rc5 32. h5 Kd7
33. h6 Rf5 34. Qg7 Rh5 35. g4 Rh4 36. f3 Kc8 37. Rc1+ Kb8 38. Qf6 Bh2+ 39. Kf1
1-0

[Event "Wellington Club Championship - A Grade"]
[Site "Wellington Chess Club"]
[Date "2023.11.16"]
[Round "8.3"]
[White "Ker, Anthony"]
[Black "Timergazi, Layla"]
[Result "0-1"]
[WhiteElo "2399"]
[BlackElo "2137"]

1. e4 c6 2. Nf3 d5 3. exd5 cxd5 4. Ne5 Nc6 5. Bb5 Bd7 6. Nxd7 Qxd7 7. d4 Nf6 8.
c3 a6 9. Bd3 e5 10. dxe5 Nxe5 11. O-O Bd6 12. Re1 O-O 13. Be3 Rfe8 14. g3 Nfg4
15. Bf1 Nxe3 16. Rxe3 Bc5 17. Re2 Ng4 18. Nd2 Rxe2 19. Qxe2 Re8 20. Qf3 Nxf2
21. Nb3 Bb6 22. Nd4 Bxd4 23. cxd4 Ne4 24. Bg2 Qa4 25. Qd3 Nf6 26. a3 Rc8 27.
Rf1 Qc2 28. Qf5 Qxf5 29. Rxf5 Rc1+ 30. Rf1 Rc4 31. Rf4 Kf8 32. g4 Rc1+ 33. Kf2
Rc2+ 34. Kg1 h6 35. h4 Rxb2 36. g5 hxg5 37. hxg5 Ne4 38. Rf5 Ng3 39. Rf2 Rxf2
40. Kxf2 Ne4+ 41. Ke3 Ke7 42. Kf4 Kd6 43. a4 b6 44. Bf1 a5 45. Bb5 f6 46. gxf6
gxf6 47. Ke3 Ke6 48. Bc6 Nd6 49. Ke2 Nf5 50. Kd3 Ne7 51. Be8 Kf5 52. Ke3 Kg4
53. Bf7 f5 54. Be8 Kg3 55. Ke2 f4 56. Bh5 Nf5 57. Bf7 f3+ 0-1

[Event "Wellington Club Championship - A Grade"]
[Site "Wellington Chess Club"]
[Date "2023.11.16"]
[Round "8.4"]
[White "Dive, Russell"]
[Black "van der Hoorn, Thomas"]
[Result "0-1"]
[WhiteElo "2327"]
[BlackElo "2138"]

1. c4 e6 2. Nf3 d5 3. g3 Nf6 4. Bg2 Be7 5. O-O O-O 6. b3 b6 7. Bb2 Bb7 8. d4 c5
9. e3 Nc6 10. Nbd2 Rc8 11. Qe2 cxd4 12. exd4 Rc7 13. Rfd1 Qc8 14. Rac1 Rd8 15.
h3 Ba6 16. Ne5 Nxe5 17. dxe5 Nd7 18. Qg4 dxc4 19. Ne4 c3 20. Bxc3 Bf8 21. Nd6
Bxd6 22. Rxd6 Rxc3 23. Rxc3 Qxc3 24. Qa4 Bc8 25. Qxa7 Qxe5 26. Qc7 Rf8 27. Kh2
Qc5 28. Qxc5 bxc5 29. a4 Nb8 30. Bf1 Bb7 31. a5 Rc8 32. a6 Ba8 33. Rb6 Kf8 34.
Bb5 Ke7 35. g4 Nc6 36. Rb7+ Bxb7 37. axb7 Rb8 38. Bxc6 Kd6 39. Be4 Ke5 0-1

[Event "Wellington Club Championship - A Grade"]
[Site "Wellington Chess Club"]
[Date "2023.11.16"]
[Round "8.5"]
[White "Winter, Ryan"]
[Black "Archer, Ollie"]
[Result "0-1"]
[WhiteElo "2256"]
[BlackElo "2158"]

1. e4 c6 2. d4 d5 3. e5 Bf5 4. h4 Qa5+ 5. Nd2 h5 6. Be2 e6 7. c3 c5 8. Ngf3
cxd4 9. Nb3 Qc7 10. Nbxd4 Bg4 11. O-O Nc6 12. Re1 Nxd4 13. Nxd4 Bxe2 14. Qxe2
Bc5 15. Qb5+ Kf8 16. Nb3 Bb6 17. Bg5 Nh6 18. Rac1 Ng4 19. Qb4+ Kg8 20. Nd4 f6
21. Bf4 fxe5 22. Bg3 Qf7 23. Nf3 e4 24. Ng5 Bxf2+ 25. Kh1 Qf6 26. Rf1 e3 27.
Rce1 Qf5 28. Bxf2 exf2 29. Rxe6 Qd3 0-1